Advances in agronomy. V 23 (Record no. 37334)

MARC details
000 -LEADER
fixed length control field 00369nam a2200145Ia 4500
082 ## - DEWEY DECIMAL CLASSIFICATION NUMBER
Classification number 631/635
Item number ADV.23;1
245 #0 - TITLE STATEMENT
Title Advances in agronomy. V 23
260 ## - PUBLICATION, DISTRIBUTION, ETC. (IMPRINT)
Place of publication New York
Name of publisher Academic
Year of publication 1971
650 ## - SUBJECT ADDED ENTRY--TOPICAL TERM
Topical Term Agronomy
650 ## - SUBJECT ADDED ENTRY--TOPICAL TERM
Topical Term Nitrogen fertilizer
650 ## - SUBJECT ADDED ENTRY--TOPICAL TERM
Topical Term Plant germplasm
650 ## - SUBJECT ADDED ENTRY--TOPICAL TERM
Topical Term Root exudation
942 ## - ADDED ENTRY ELEMENTS (KOHA)
Koha item type Books
Holdings
Withdrawn status Lost status Damaged status Not for loan Home library Current library Date acquired Full call number Accession Number Koha item type
        RRII Library RRII Library 16/12/2021 631/635 ADV.23;1 17720 Books